000 00334nam a2200133Ia 4500
008 240624s9999 xx 000 0 und d
041 _aeng
082 _a658.11 SHA
100 _aSHANE SCOTT A
245 _aFINDING FERTILE GROUND IDENTIFYING EXTRA
260 _c2005
_aDelhi
_bPearson Education
300 _axxix, : 219
365 _cRS
999 _c2028
_d2028